| 000 | 01026nam a2200265 a 4500 | ||
|---|---|---|---|
| 001 | 000020989 | ||
| 003 | DO-SdBNP | ||
| 005 | 20251204073702.0 | ||
| 008 | 100825s1997 dr r 000 0 spa d | ||
| 040 |
_aDO-SdBNP _bspa _cBNPHU |
||
| 082 |
_a347.7293 _bE82c |
||
| 100 | 1 |
_aEstrella, Vicente, _d1962- _943943 |
|
| 245 | 1 | 0 |
_aCrisis del poder judicial en la República Dominicana / _cVicente Estrella ; prólogo Luis Rosario. |
| 260 |
_a[Santo Domingo] : _bPrincipal, _c1997. |
||
| 300 |
_a88 p. ; _c18 cm. |
||
| 500 | _aIncluye datos biográficos del autor en la contracubierta. | ||
| 504 | _aBibliografía : p. 87-88. | ||
| 590 | _aInventariado, 2018/BT | ||
| 650 | 4 |
_aPoder judicial _zRepública Dominicana _vEnsayos, conferencias, etc. _930708 |
|
| 650 | 0 |
_aAdministración de justicia _zRepública Dominicana _910083 |
|
| 650 | 4 |
_aDerecho civil _zRepública Dominicana _vEnsayos, conferencias, etc. _91154 |
|
| 700 | 1 |
_aRosario, Luis, _epról. _9427 |
|
| 910 | _aValidado. Control de calidad. EMS | ||
| 942 |
_2ddc _cLBS1 |
||
| 999 |
_c20492 _d20492 |
||